000 01031na a2200301 4500
001 15456
003 MIRAKIL
005 20181213155303.0
008 161019b tu 000 0
020 _a9755125221
035 _a15456
040 _aMilas
_btur
_cTR-AnCHP
041 _aeng
082 _a956.109
_bB55u 2002
090 _a956.109 B55u 2002
100 _aBinark, İsmet
245 _aUnfounded Armenian allegations and the atrocities that had been perpetrated towards the Turks by the Armenians
_cİsmet Binark
260 _aAnkara
_bCem Ofset Matbaacılık
_c2002
300 _axx, 332 s.
_bres.; tbl.
_c19 sm.
490 _aA publication of the Ankara chamber of commerge
_v16
500 _aBrought to light with archival documents and photos of the facts
650 _aErmeniler
_xTehcir
650 _aErmeni sorunu
_xBelgeler
_yTarih
650 _aOsmanlı İmparatorluğu
_xTarih
_zTürkiye
651 _aErmenistan
_xTarih
_y19. yüzyıl
651 _aErmenistan
_xTarih
_y20. yüzyıl
942 _2ddc
_cBKS
999 _c9993
_d9993